000 00252nam a22001097a 4500
082 _a530 BVR'E
100 _aENERCON
_979501
245 _aBURNER CONTROL SYSTEMS ,A SELECTION GUIDE
260 _aISLAMABAD
_bENERCON
_c1989
300 _a29P
942 _cBK
999 _c584540
_d584540